| 000 | 00401nam a22001457a 4500 | ||
|---|---|---|---|
| 999 |
_c7717 _d7717 |
||
| 003 | GBCCL | ||
| 005 | 20241126110635.0 | ||
| 008 | 180912b ||||| |||| 00| 0 eng d | ||
| 040 | _cgbc | ||
| 082 |
_aSOU KIK _b2017 |
||
| 245 |
_aKikhekna : _bthe 2nd Teikhang re-union souvenir / _cedited by Richard V Valte |
||
| 260 |
_c2017 _aTeikhang: _bTeikhang welfare assn. |
||
| 300 | _a141p. ; | ||
| 942 |
_2ddc _cARCH |
||